| 000 | 00431nam a2200169Ia 4500 | ||
|---|---|---|---|
| 005 | 20251226151305.0 | ||
| 008 | 251226s9999 xx 000 0 und d | ||
| 020 |
_a9780544250017 _qpbk |
||
| 082 |
_a813.54 _bREY |
||
| 100 | _aRey, H.A. | ||
| 245 | 0 |
_aCurious George Goes To The Beach / _cH.A.Rey |
|
| 250 | _aFirst edition | ||
| 260 |
_b Clarion, _c2019 |
||
| 300 | _a245 Pages | ||
| 650 | _aLiterature | ||
| 942 | _cENGLISH | ||
| 999 |
_c605433 _d605433 |
||